ბათუმის შოთა რუსთაველის სახელმწიფო უნივერსიტეტის ბიბლიოთეკა

თხზულებათა სრული კრებული : 5 ტომად. (ბიბ.ჩანაწერი № 59204)

000 -ლიდერი
ფიქსირებული სიგრძის საკონტროლო ველი 01522nam a22002177a 4500
003 - საკონტროლო ნომრის იდენტიფიკატორი
საკონტროლო ველი Ge_BSU
005 - ბოლო ოპერაციის თარიღი და დრო
საკონტროლო ველი 20221213154021.0
008 - ფიქსირებული სიგრძის მონაცემთა ელემენტები - ზოგადი ინფორმაცია
ფიქსირებული სიგრძის საკონტროლო ველი 221213s1983ge xxu||||| |||| 00| 0 geo d
041 ## - ენის კოდი
Language code of text/sound track or separate title geo
080 ## - უნივერსალური ათობითი კლასიფიკაციის ინდექსი
Universal Decimal Classification number 821.111-2 შ-56
100 ## - მთავარი ჩანაწერი - პიროვნების სახელი
Personal name შექსპირი, უილიამ, ავტორი.
9 (RLIN) 16047
245 ## - ცნობა სათაურის შესახებ
Title თხზულებათა სრული კრებული : 5 ტომად.
Remainder of title ნაწ. 1. /
Statement of responsibility, etc უილიამ შექსპირი, ნიკო ყიასაშვილის საერთო რედ.წინასიტ. და შენიშვნ. მთარგმნ.: გ. ჯაბაშვილი, მ.ზაალიშვილი, და სხვ.
264 ## - წარმოების, გამოცემის, დისტრიბუციის და სხვა ცნობები
გამოცემის, წარმოების, დისტრიბუციის... ადგილი თბილისი :
გამოცემის, წარმოების, დისტრიბუციის... სახელწოდება ხელოვნება,
გამოცემის, წარმოების, დისტრიბუციის... თარიღი 1983.
300 ## - ფიზიკური აღწერა
Extent XXXII, 406 გვ. :
Other physical details 32 ფ. ილ.
Dimensions 29 სმ.
501 ## - შენიშვნა თანმხლებ მასალაზე
With note შენიშვნები: გვ. 390-405.
653 ## - INDEX TERM--UNCONTROLLED
Uncontrolled term ჰენრი მეექვსე -- რიჩარდ მესამე -- ტიტუს ანდრონიკუსი -- შეცდომათა კომედია -- ჭირვეულის მორჯულება -- ორი ვერონელი აზნაური.
700 ## - ADDED ENTRY--PERSONAL NAME
Personal name ყიასაშვილი, ნიკო
Relator term საერთო რედქტორი
9 (RLIN) 1372
700 ## - ADDED ENTRY--PERSONAL NAME
Personal name ჯაბაშვილი, გ
9 (RLIN) 16391
700 ## - ADDED ENTRY--PERSONAL NAME
Personal name ზაალიშვილი, მ
Relator term მთარგმნელი
9 (RLIN) 16392
942 ## - ADDED ENTRY ELEMENTS (KOHA)
Source of classification or shelving scheme
Koha item type წიგნი
ეგზემპლარები
ჩამოწერის სტატუსი დაკარგული ეგზემპლარის სტატუსი კლასიფიკაციის წყარო ან თაროზე გაწყობის სქემა დაზიანების სტატუსი არ გაიცემა მუდმივი მდებარეობა (დაცვის ადგილი) ამჟამინდელი ადგილსამყოფელი თაროზე განთავსების ადგილი შეძენის თარიღი ღირებულება, შესყიდვის ნორმალური ფასი სრული შენახვის შიფრი შტრიხკოდი ბოლო ოპერაციის თარიღი ეგზემპლარის მიმდევრობითი ნომერი (კეტერი?) ფასის ძალაში შესვლის თარიღი ეგზემპლარის სახეობა საჯარო შენიშვნა
          ბათუმის შოთა რუსთაველის სახელმწიფო უნივერსიტეტის მთავარი ბიბლიოთეკა ბათუმის შოთა რუსთაველის სახელმწიფო უნივერსიტეტის მთავარი ბიბლიოთეკა წიგნსაცავი 2022-12-13 15.00 821.111-2 შ-56 63290 2022-12-13 63290 2022-12-13 წიგნი 15.00